[Event "CZE-chT2B 2223"]
[Site "Czech Republic"]
[Date "2022.12.04"]
[Round "4.8"]
[White "Dvorak, Jan"]
[Black "Hejsek, Lukas"]
[Result "0-1"]
[WhiteElo "2177"]
[BlackElo "1967"]
[PlyCount "112"]
[EventDate "2022.10.16"]
[EventType "team-tourn"]
[EventRounds "11"]
[EventCountry "CZE"]
[SourceTitle "EXT 2024"]
[Source "ChessBase"]
[SourceDate "2023.10.10"]
[SourceVersion "1"]
[SourceVersionDate "2023.10.10"]
[SourceQuality "1"]
[WhiteTeam "Kobylisy"]
[BlackTeam "Bohemians"]
[WhiteTeamCountry "CZE"]
[BlackTeamCountry "CZE"]

1. d4 Nf6 2. c4 c5 3. d5 b5 4. cxb5 a6 5. bxa6 e6 6. Nc3 exd5 7. Nxd5 Nxd5 8. Qxd5 Nc6 9. e3 Be7 10. Bd2 0-0 11. Bc3 Bxa6 12. Bxa6 Rxa6 13. Nf3 Nb4 14. Bxb4 cxb4 15. 0-0 Rd6 16. Qb3 Qa5 17. Rfd1 Ra8 18. Rxd6 Bxd6 19. g3 Qf5 20. Kg2 g5 21. Rd1 g4 22. Nh4 Qe4+ 23. f3 gxf3+ 24. Nxf3 Ra6 25. Rd4 Qe6 26. Qd3 Bc5 27. Rd5 Rc6 28. Rg5+ Kh8 29. Re5 Qxa2 30. Rh5 Qxb2+ 31. Kh3 Qg7 32. Qxd7 Rh6 33. Qe8+ Bf8 34. Rxh6 Qxh6+ 35. Kg2 Kg7 36. Nd4 Qg6 37. Qe5+ Kg8 38. e4 Qg4 39. h3 Qg7 40. Qd5 Qh6 41. h4 Qd2+ 42. Kh3 h6 43. Qe5 Qc3 44. Qd5 Qd3 45. Kg4 Bg7 46. Nb3 h5+ 47. Kh3 Qxd5 48. exd5 Kf8 49. g4 Ke7 50. g5 Kd6 51. Kg3 Kxd5 52. Kf4 Kc4 53. Na5+ Kc3 54. Kf5 Bd4 55. Ke4 Bb6 56. Nc6 b3 0-1

[Event "Klatovy op 28th"]
[Site "Klatovy"]
[Date "2022.07.06"]
[Round "5"]
[White "Dvorak, Jan"]
[Black "Simet, Martin"]
[Result "1/2-1/2"]
[WhiteElo "2194"]
[BlackElo "2155"]
[PlyCount "35"]
[EventDate "2022.07.02"]
[EventType "swiss"]
[EventRounds "9"]
[EventCountry "CZE"]
[SourceTitle "EXT 2023"]
[Source "ChessBase"]
[SourceDate "2022.10.05"]
[SourceVersion "1"]
[SourceVersionDate "2022.10.05"]
[SourceQuality "1"]

1. c4 Nf6 2. Nc3 e6 3. Nf3 d5 4. d4 Bb4 5. e3 0-0 6. Bd3 c5 7. 0-0 dxc4 8. Bxc4 Nbd7 9. a3 cxd4 10. axb4 dxc3 11. bxc3 Qc7 12. Qb3 Nb6 13. Be2 Bd7 14. c4 Rfc8 15. c5 Nbd5 16. Bb2 a5 17. Be5 Qd8 18. Rxa5 1/2-1/2

[Event "Klatovy op 28th"]
[Site "Klatovy"]
[Date "2022.07.02"]
[Round "1"]
[White "Dvorak, Jan"]
[Black "Cecil, Pavel"]
[Result "1-0"]
[WhiteElo "2194"]
[BlackElo "1898"]
[PlyCount "49"]
[EventDate "2022.07.02"]
[EventType "swiss"]
[EventRounds "9"]
[EventCountry "CZE"]
[SourceTitle "EXT 2023"]
[Source "ChessBase"]
[SourceDate "2022.10.05"]
[SourceVersion "1"]
[SourceVersionDate "2022.10.05"]
[SourceQuality "1"]

1. d4 d5 2. c4 c6 3. Nf3 Nf6 4. e3 e6 5. Nbd2 Be7 6. Bd3 Nbd7 7. 0-0 0-0 8. Qe2 Re8 9. e4 dxe4 10. Nxe4 Nxe4 11. Qxe4 Nf8 12. Rd1 Bd7 13. Bf4 b6 14. Ne5 Rc8 15. Bc2 Bf6 16. Ng4 Qe7 17. Rd3 e5 18. Nxe5 Bxe5 19. dxe5 g6 20. Rg3 f6 21. Re1 Kf7 22. Qf3 c5 23. h4 f5 24. Bg5 Qe6 25. Be4 1-0

[Event "CZE-chT1W 2122"]
[Site "Czech Republic"]
[Date "2022.02.20"]
[Round "9.3"]
[White "Dvorak, Jan"]
[Black "Smolik, Jachym"]
[Result "0-1"]
[WhiteElo "2210"]
[BlackElo "2218"]
[PlyCount "118"]
[EventDate "2021.10.10"]
[EventType "team-tourn"]
[EventRounds "11"]
[EventCountry "CZE"]
[SourceTitle "EXT 2023"]
[Source "ChessBase"]
[SourceDate "2022.10.05"]
[SourceVersion "1"]
[SourceVersionDate "2022.10.05"]
[SourceQuality "1"]
[WhiteTeam "Kobylisy"]
[BlackTeam "Ricany Betsys"]
[WhiteTeamCountry "CZE"]
[BlackTeamCountry "CZE"]

1. d4 Nf6 2. c4 e6 3. Nc3 Bb4 4. g3 0-0 5. Bg2 d5 6. Nf3 dxc4 7. 0-0 Nc6 8. e3 Nd5 9. Qc2 Be7 10. Nd2 Ncb4 11. Qb1 Nb6 12. a3 Nc6 13. Qa2 Na5 14. b4 cxb3 15. Nxb3 Nxb3 16. Qxb3 c6 17. Rd1 Nd5 18. Na4 b6 19. e4 Nf6 20. Bb2 Bb7 21. Nc3 Qb8 22. d5 cxd5 23. exd5 Nxd5 24. Nxd5 Bxd5 25. Bxd5 exd5 26. Qxd5 Rd8 27. Qe4 Bf8 28. Rac1 Rxd1+ 29. Rxd1 Qe8 30. Qd5 Rc8 31. Qg5 Qe2 32. Rd2 Qe1+ 33. Kg2 Qe4+ 34. f3 Qb1 35. Qe5 Rc2 36. Rxc2 Qxc2+ 37. Kf1 Qd1+ 38. Kg2 Qd2+ 39. Kf1 Qd3+ 40. Kg2 b5 41. g4 a5 42. g5 Qc2+ 43. Kf1 Qc4+ 44. Kg2 a4 45. h4 b4 46. axb4 Qxb4 47. h5 a3 48. Ba1 Qd2+ 49. Kf1 Qd6 50. Qc3 Qc5 51. Qd2 Qb4 52. Ke2 Qxd2+ 53. Kxd2 Be7 54. f4 f6 55. g6 hxg6 56. hxg6 f5 57. Kc2 Bf6 58. Bc3 a2 59. Bxf6 gxf6 0-1

[Event "CZE-chT1W 2122"]
[Site "Czech Republic"]
[Date "2022.01.09"]
[Round "6.3"]
[White "Dvorak, Jan"]
[Black "Pauch, Jan"]
[Result "1/2-1/2"]
[WhiteElo "2210"]
[BlackElo "2024"]
[PlyCount "110"]
[EventDate "2021.10.10"]
[EventType "team-tourn"]
[EventRounds "11"]
[EventCountry "CZE"]
[SourceTitle "EXT 2023"]
[Source "ChessBase"]
[SourceDate "2022.10.05"]
[SourceVersion "1"]
[SourceVersionDate "2022.10.05"]
[SourceQuality "1"]
[WhiteTeam "Kobylisy"]
[BlackTeam "Lysa nad Labem III"]
[WhiteTeamCountry "CZE"]
[BlackTeamCountry "CZE"]

1. d4 Nf6 2. c4 e6 3. Nc3 c5 4. d5 exd5 5. cxd5 d6 6. e4 g6 7. Nge2 Bg7 8. Ng3 0-0 9. Be2 a6 10. a4 Re8 11. 0-0 h5 12. Bg5 Qc7 13. Qd2 Nbd7 14. f4 Nh7 15. Bh4 Bh6 16. Qd3 Bg7 17. Kh1 Rb8 18. a5 b5 19. axb6 Rxb6 20. Qd2 Qb8 21. Ra2 Rb3 22. Bd1 Rb4 23. Ba4 Rf8 24. Be7 Re8 25. Bh4 Rf8 26. Bc6 Qc7 27. Nge2 Nb8 28. Ba4 Bg4 29. h3 Bd7 30. Bxd7 Qxd7 31. Bg3 Qe7 32. Re1 h4 33. Bf2 Rc8 34. Qd3 Nf8 35. Ng1 Bd4 36. Re2 Nfd7 37. Nf3 Bxf2 38. Rxf2 Qf6 39. Qd2 Re8 40. Re2 Kg7 41. Ra1 Nb6 42. Rae1 Na4 43. Nxa4 Rxa4 44. e5 Qxf4 45. Qxf4 Rxf4 46. exd6 Rxe2 47. Rxe2 Rf6 48. Re8 Nd7 49. Rd8 Rxd6 50. Ne5 Kf6 51. Nxd7+ Ke7 52. Rc8 Kxd7 53. Rxc5 Rb6 54. Ra5 Kd6 55. Kg1 Rxb2 1/2-1/2

[Event "Pardubice Czech op-E 32nd"]
[Site "Pardubice"]
[Date "2021.07.17"]
[Round "4.3"]
[White "Kusa, Jakub"]
[Black "Dvorak, Jan"]
[Result "1-0"]
[WhiteElo "2315"]
[BlackElo "2223"]
[PlyCount "57"]
[EventDate "2021.07.15"]
[EventType "team-swiss"]
[EventRounds "7"]
[EventCountry "CZE"]
[SourceTitle "CBM 203 Extra"]
[Source "ChessBase"]
[SourceDate "2021.09.30"]
[SourceVersion "1"]
[SourceVersionDate "2021.09.30"]
[SourceQuality "1"]
[WhiteTeam "Brno Moravska Slavia"]
[BlackTeam "Kobylisy"]
[WhiteTeamCountry "CZE"]
[BlackTeamCountry "CZE"]

1. e4 e6 2. d4 d5 3. Nd2 Be7 4. e5 c5 5. c3 Nc6 6. Bd3 cxd4 7. cxd4 Qb6 8. Ndf3 Nh6 9. Bxh6 gxh6 10. Ne2 Qb4+ 11. Kf1 Qxb2 12. g3 Bd7 13. a3 Na5 14. Kg2 Rc8 15. a4 f6 16. Nf4 0-0 17. Rb1 Qc3 18. Bb5 Qc7 19. exf6 Bxf6 20. Re1 Rce8 21. Ne5 Bxe5 22. Rxe5 Nc4 23. Qg4+ Kf7 24. Rh5 Re7 25. Rxh6 Ne3+ 26. fxe3 Qc2+ 27. Kh3 Qxb1 28. Bxd7 Rg8 29. Bxe6+ 1-0

[Event "CZE-chT2B 1819"]
[Site "Czech Republic"]
[Date "2019.03.31"]
[Round "11.5"]
[White "Dvorak, Jan"]
[Black "Haman, Jakub"]
[Result "0-1"]
[WhiteElo "2206"]
[BlackElo "2222"]
[PlyCount "46"]
[EventDate "2018.10.14"]
[EventType "team-tourn"]
[EventRounds "11"]
[EventCountry "CZE"]
[SourceTitle "EXT 2022"]
[Source "ChessBase"]
[SourceDate "2021.10.06"]
[SourceVersion "1"]
[SourceVersionDate "2021.10.06"]
[SourceQuality "1"]
[WhiteTeam "Kobylisy"]
[BlackTeam "Kladno"]
[WhiteTeamCountry "CZE"]
[BlackTeamCountry "CZE"]

1. c4 e5 2. g3 Nf6 3. Bg2 Nc6 4. Nc3 Bc5 5. e3 d5 6. cxd5 Nb4 7. d3 Nfxd5 8. Nxd5 Nxd5 9. Ne2 Nb4 10. d4 exd4 11. exd4 Bf5 12. 0-0 Be7 13. d5 0-0 14. Nd4 Bg6 15. h4 Bf6 16. h5 Bd3 17. Qg4 Bxf1 18. Bxf1 Bxd4 19. Qxd4 Nc2 20. Qe4 Nxa1 21. Bd3 g6 22. Qd4 c5 23. Qc3 Qxd5 0-1

[Event "CZE-chT2B 1819"]
[Site "Czech Republic"]
[Date "2018.10.14"]
[Round "1.7"]
[White "Svab, Jan"]
[Black "Dvorak, Jan"]
[Result "0-1"]
[WhiteElo "1998"]
[BlackElo "2206"]
[PlyCount "40"]
[EventDate "2018.10.14"]
[EventType "team-tourn"]
[EventRounds "11"]
[EventCountry "CZE"]
[SourceTitle "EXT 2022"]
[Source "ChessBase"]
[SourceDate "2021.10.06"]
[SourceVersion "1"]
[SourceVersionDate "2021.10.06"]
[SourceQuality "1"]
[WhiteTeam "Most Chess"]
[BlackTeam "Kobylisy"]
[WhiteTeamCountry "CZE"]
[BlackTeamCountry "CZE"]

1. e4 e6 2. d3 d5 3. Nd2 c5 4. Ngf3 Nc6 5. Be2 g6 6. 0-0 Bg7 7. Re1 Nge7 8. g3 0-0 9. h4 h6 10. Nf1 f5 11. exf5 gxf5 12. c3 e5 13. d4 e4 14. Ne5 Nxe5 15. dxe5 Nc6 16. f4 Be6 17. Qb3 Qd7 18. Ne3 Rad8 19. Rd1 Qf7 20. Kg2 Rfe8 0-1

[Event "Klatovy op-A 24th"]
[Site "Klatovy"]
[Date "2018.07.07"]
[Round "8"]
[White "Svanda, Ondrej"]
[Black "Dvorak, Jan"]
[Result "1/2-1/2"]
[WhiteElo "2043"]
[BlackElo "2210"]
[PlyCount "65"]
[EventDate "2018.06.30"]
[EventType "swiss"]
[EventRounds "9"]
[EventCountry "CZE"]
[SourceTitle "EXT 2019"]
[Source "ChessBase"]
[SourceDate "2018.10.10"]
[SourceVersion "1"]
[SourceVersionDate "2018.10.10"]
[SourceQuality "1"]

1. c4 e5 2. Nc3 Nf6 3. g3 g6 4. Bg2 Bg7 5. Nf3 Nc6 6. 0-0 0-0 7. d3 d6 8. Rb1 a5 9. a3 h6 10. b4 axb4 11. axb4 Be6 12. b5 Ne7 13. Bb2 Qd7 14. Re1 Bh3 15. Bh1 Ng4 16. Qb3 Kh8 17. Nd2 Rab8 18. Nd1 g5 19. f3 Nf6 20. Nf2 Be6 21. d4 exd4 22. Bxd4 c5 23. bxc6 Nxc6 24. Ba1 b5 25. Qd3 bxc4 26. Nxc4 Nb4 27. Qd2 Bxc4 28. Rxb4 Rxb4 29. Qxb4 Rc8 30. Bg2 Kg8 31. Bh3 Be6 32. Bxe6 Qxe6 33. Ne4 1/2-1/2

[Event "Klatovy op-A 24th"]
[Site "Klatovy"]
[Date "2018.07.05"]
[Round "6"]
[White "Tscharotschkin, Michael"]
[Black "Dvorak, Jan"]
[Result "1-0"]
[WhiteElo "2124"]
[BlackElo "2210"]
[PlyCount "109"]
[EventDate "2018.06.30"]
[EventType "swiss"]
[EventRounds "9"]
[EventCountry "CZE"]
[SourceTitle "EXT 2019"]
[Source "ChessBase"]
[SourceDate "2018.10.10"]
[SourceVersion "1"]
[SourceVersionDate "2018.10.10"]
[SourceQuality "1"]

1. d4 e6 2. Bf4 Nf6 3. e3 c5 4. Nf3 Nc6 5. c3 d5 6. Bd3 Qb6 7. b3 Bd7 8. 0-0 cxd4 9. cxd4 Nb4 10. Nc3 Nxd3 11. Qxd3 Be7 12. Ne5 0-0 13. Bg5 Rfd8 14. Nxd7 Rxd7 15. Na4 Qa5 16. Rfc1 Rc7 17. Bxf6 Bxf6 18. Rxc7 Qxc7 19. Qc3 Qxc3 20. Nxc3 Rc8 21. Rc1 e5 22. dxe5 Bxe5 23. Ne2 Rxc1+ 24. Nxc1 Kf8 25. f4 Bc7 26. Kf2 Ke7 27. Kf3 Ke6 28. h3 Bb6 29. Nd3 f5 30. g4 a6 31. Nb4 g6 32. gxf5+ gxf5 33. Nc2 Bc5 34. Ke2 Kf6 35. Kd3 Ba7 36. Nd4 Bc5 37. Nf3 h6 38. Ne5 Ke6 39. Nf3 Bb6 40. b4 Kd6 41. a4 a5 42. bxa5 Bxa5 43. Nd4 Kc5 44. Nxf5 Kb4 45. Ne7 Kxa4 46. Nxd5 Kb5 47. f5 Kc5 48. e4 Kd6 49. Kd4 Bd2 50. e5+ Kd7 51. Nb6+ Ke7 52. Kd5 Bg5 53. Nc8+ Kd7 54. Nd6 b6 55. f6 1-0

[Event "Klatovy op-A 24th"]
[Site "Klatovy"]
[Date "2018.07.02"]
[Round "3"]
[White "Dvorak, Jan"]
[Black "Straka, Vojtech"]
[Result "0-1"]
[WhiteElo "2210"]
[BlackElo "2379"]
[PlyCount "80"]
[EventDate "2018.06.30"]
[EventType "swiss"]
[EventRounds "9"]
[EventCountry "CZE"]
[SourceTitle "CBM 185 Extra"]
[Source "ChessBase"]
[SourceDate "2018.07.29"]
[SourceVersion "1"]
[SourceVersionDate "2018.07.29"]
[SourceQuality "1"]

1. c4 c5 2. g3 Nc6 3. Bg2 g6 4. Nc3 Bg7 5. Nf3 e6 6. d3 Nge7 7. Bg5 h6 8. Bd2 0-0 9. 0-0 Rb8 10. Rb1 a6 11. a3 b5 12. cxb5 axb5 13. b4 cxb4 14. axb4 d5 15. Qc1 Kh7 16. Rd1 Qb6 17. e3 e5 18. Ne2 Bf5 19. Bc3 Rfd8 20. Ba1 Rbc8 21. Qd2 Ra8 22. Nh4 Be6 23. f4 f6 24. d4 e4 25. Bf1 g5 26. Ng2 Nc8 27. Nc1 Bg4 28. Be2 Bxe2 29. Qxe2 Nd6 30. Bc3 Qb7 31. Nb3 Qd7 32. Qh5 Qe8 33. Qe2 Qd7 34. Qh5 Ra2 35. Rd2 Rda8 36. Nc5 Qe8 37. Qe2 Rxd2 38. Bxd2 Ra2 39. Qd1 Nc4 40. Bc3 Rxg2+ 0-1

[Event "Klatovy op-A 24th"]
[Site "Klatovy"]
[Date "2018.06.30"]
[Round "1"]
[White "Dvorak, Jan"]
[Black "Smid, Pavel"]
[Result "1-0"]
[WhiteElo "2210"]
[BlackElo "1964"]
[PlyCount "73"]
[EventDate "2018.06.30"]
[EventType "swiss"]
[EventRounds "9"]
[EventCountry "CZE"]
[SourceTitle "CBM 185 Extra"]
[Source "ChessBase"]
[SourceDate "2018.07.29"]
[SourceVersion "1"]
[SourceVersionDate "2018.07.29"]
[SourceQuality "1"]

1. c4 e5 2. g3 Nf6 3. Bg2 d5 4. cxd5 Nxd5 5. Nc3 Nb6 6. Nf3 Nc6 7. 0-0 Be7 8. d3 Be6 9. Be3 0-0 10. a3 f6 11. b4 Nd4 12. Bxd4 exd4 13. Nb5 c5 14. bxc5 Bxc5 15. Qc2 Qe7 16. Nbxd4 Rac8 17. Qd2 Bd5 18. e4 Bf7 19. Nf5 Qd7 20. d4 Nc4 21. Qd3 Bb6 22. d5 Nb2 23. Qb3 Na4 24. Rac1 Nc5 25. Qb1 Rce8 26. Nd2 Bg6 27. Nh4 Qa4 28. Nxg6 hxg6 29. Nc4 Nb3 30. Rc3 Nd4 31. Nxb6 axb6 32. Qd3 Nb5 33. Rb3 Nd6 34. Rxb6 Nxe4 35. Rb4 Nc5 36. Qxg6 Qxa3 37. Rg4 1-0

[Event "CZE-chT2B 1718"]
[Site "Czech Republic"]
[Date "2017.12.17"]
[Round "5.6"]
[White "Zahorbensky, Jaroslav"]
[Black "Dvorak, Jan"]
[Result "1/2-1/2"]
[WhiteElo "2062"]
[BlackElo "2146"]
[PlyCount "143"]
[EventDate "2017.10.15"]
[EventType "team-tourn"]
[EventRounds "11"]
[EventCountry "CZE"]
[SourceTitle "EXT 2022"]
[Source "ChessBase"]
[SourceDate "2021.10.06"]
[SourceVersion "1"]
[SourceVersionDate "2021.10.06"]
[SourceQuality "1"]
[WhiteTeam "Bakov nad Jizerou"]
[BlackTeam "Kobylisy"]
[WhiteTeamCountry "CZE"]
[BlackTeamCountry "CZE"]

1. e4 e6 2. d4 d5 3. e5 c5 4. c3 Nc6 5. Nf3 Qb6 6. Be2 cxd4 7. cxd4 Nh6 8. Nc3 Nf5 9. Na4 Bb4+ 10. Kf1 Qd8 11. a3 Be7 12. b4 0-0 13. Bb2 f6 14. Rc1 Bd7 15. Nc5 Bxc5 16. Rxc5 fxe5 17. dxe5 Qe7 18. Qc1 Rac8 19. Bd3 Nh4 20. Qe3 Nxf3 21. gxf3 Qh4 22. b5 Ne7 23. Rxc8 Nxc8 24. Rg1 Qh3+ 25. Ke2 Nb6 26. Rg3 Qh5 27. Qg5 Qxg5 28. Rxg5 Rc8 29. Rg4 Be8 30. Rh4 h6 31. Kd2 Nd7 32. Bd4 b6 33. a4 Nc5 34. Bc2 Nb7 35. Bc3 Ra8 36. f4 Bd7 37. Rg4 Rf8 38. Ke3 Rc8 39. Kd2 Nc5 40. f3 a6 41. bxa6 Nxa6 42. f5 exf5 43. Rg6 Rc6 44. e6 Bxe6 45. Rxg7+ Kf8 46. Rg6 Bd7 47. Bg7+ Kf7 48. Rxc6 Bxc6 49. Bxh6 Nc5 50. Be3 Bxa4 51. Bxf5 Kf6 52. Bb1 Be8 53. h4 Bh5 54. Bd4+ Ke6 55. Ke3 Nd7 56. Kf4 b5 57. Bf5+ Kd6 58. Bg4 Bg6 59. h5 Bh7 60. h6 Nf8 61. Be5+ Ke7 62. Bc3 Kf7 63. Ke5 Ng6+ 64. Kxd5 Ne7+ 65. Ke5 Kg6 66. Bd2 Bg8 67. Be6 Nc6+ 68. Kd6 Bxe6 69. Kxc6 Bc4 70. Kd6 Bd3 71. Ke7 b4 72. Bxb4 1/2-1/2

[Event "CZE-chT2B 1718"]
[Site "Czech Republic"]
[Date "2017.12.03"]
[Round "4.5"]
[White "Hajny, Miloslav"]
[Black "Dvorak, Jan"]
[Result "0-1"]
[WhiteElo "2034"]
[BlackElo "2146"]
[PlyCount "74"]
[EventDate "2017.10.15"]
[EventType "team-tourn"]
[EventRounds "11"]
[EventCountry "CZE"]
[SourceTitle "EXT 2022"]
[Source "ChessBase"]
[SourceDate "2021.10.06"]
[SourceVersion "1"]
[SourceVersionDate "2021.10.06"]
[SourceQuality "1"]
[WhiteTeam "Mlada Boleslav"]
[BlackTeam "Kobylisy"]
[WhiteTeamCountry "CZE"]
[BlackTeamCountry "CZE"]

1. Nf3 d5 2. c4 e6 3. g3 Nf6 4. Bg2 Be7 5. 0-0 0-0 6. d4 b6 7. Nc3 Nbd7 8. Ne5 Bb7 9. f4 c5 10. e3 Qc7 11. cxd5 exd5 12. Bd2 a6 13. a4 Rac8 14. Rc1 Ne4 15. Nxe4 dxe4 16. Nxd7 Qxd7 17. Bc3 Qe6 18. f5 Qh6 19. Qe2 Rfd8 20. Rcd1 Bd5 21. Rfe1 Qc6 22. Qg4 Bf6 23. Qf4 Re8 24. Ra1 h6 25. h4 Kh7 26. Rec1 cxd4 27. exd4 e3 28. Bxd5 Qxd5 29. Re1 e2 30. Qf2 Qc4 31. Kh2 Re4 32. Kh3 Rce8 33. Rac1 Qd3 34. Kg2 Bxh4 35. gxh4 Rg4+ 36. Kh1 Qh3+ 37. Qh2 Qf3+ 0-1

[Event "Klatovy op-A 23rd"]
[Site "Klatovy"]
[Date "2017.07.05"]
[Round "5"]
[White "Spicka, Jan"]
[Black "Dvorak, Jan"]
[Result "1/2-1/2"]
[WhiteElo "1959"]
[BlackElo "2174"]
[PlyCount "49"]
[EventDate "2017.07.01"]
[EventType "swiss"]
[EventRounds "9"]
[EventCountry "CZE"]
[SourceTitle "EXT 2018"]
[Source "ChessBase"]
[SourceDate "2017.10.13"]
[SourceVersion "1"]
[SourceVersionDate "2017.10.13"]
[SourceQuality "1"]

1. c4 e5 2. Nc3 Nf6 3. g3 Nc6 4. Bg2 g6 5. d3 Bg7 6. e4 d6 7. Nge2 0-0 8. 0-0 Nd4 9. h3 Be6 10. Be3 Nxe2+ 11. Nxe2 Qd7 12. Kh2 c6 13. f4 Ne8 14. Qd2 f5 15. Rac1 Qc7 16. a3 Rd8 17. Rfd1 Nf6 18. Qc2 h5 19. c5 h4 20. cxd6 Qf7 21. Rf1 Nh5 22. g4 exf4 23. Nxf4 Be5 24. d4 Bxd6 25. e5 1/2-1/2

[Event "Klatovy op-A 23rd"]
[Site "Klatovy"]
[Date "2017.07.04"]
[Round "4"]
[White "Dvorak, Jan"]
[Black "Hlozek, David"]
[Result "1-0"]
[WhiteElo "2174"]
[BlackElo "1890"]
[PlyCount "49"]
[EventDate "2017.07.01"]
[EventType "swiss"]
[EventRounds "9"]
[EventCountry "CZE"]
[SourceTitle "EXT 2018"]
[Source "ChessBase"]
[SourceDate "2017.10.13"]
[SourceVersion "1"]
[SourceVersionDate "2017.10.13"]
[SourceQuality "1"]

1. c4 e5 2. g3 Nf6 3. Bg2 d5 4. cxd5 Nxd5 5. Nc3 Nb6 6. Nf3 Nc6 7. 0-0 Be7 8. d3 0-0 9. Be3 Re8 10. a3 Bf8 11. Rc1 h6 12. Na4 Nd4 13. Nc5 c6 14. Nb3 Nxb3 15. Qxb3 Be6 16. Qc2 Bd5 17. Rfd1 Qf6 18. Qc3 Bd6 19. b4 Rac8 20. Bc5 Na4 21. Qc2 Nxc5 22. bxc5 Bf8 23. Nd2 Qe6 24. e4 Ba2 25. Ra1 1-0

[Event "CZE-chT2A 1617"]
[Site "Czech Republic"]
[Date "2016.11.27"]
[Round "4.4"]
[White "Novak, Petr1111"]
[Black "Dvorak, Jan"]
[Result "1-0"]
[WhiteElo "2229"]
[BlackElo "2168"]
[PlyCount "61"]
[EventDate "2016.10.09"]
[EventType "team-tourn"]
[EventRounds "11"]
[EventCountry "CZE"]
[SourceTitle "EXT 2022"]
[Source "ChessBase"]
[SourceDate "2021.10.06"]
[SourceVersion "1"]
[SourceVersionDate "2021.10.06"]
[SourceQuality "1"]
[WhiteTeam "Praha Dukla"]
[BlackTeam "Praha Kobylisy"]
[WhiteTeamCountry "CZE"]
[BlackTeamCountry "CZE"]

1. d4 e6 2. c4 Nf6 3. Nf3 d5 4. Nc3 Be7 5. Bf4 0-0 6. e3 Nbd7 7. c5 Nh5 8. Bd3 Nxf4 9. exf4 Bf6 10. Qc2 h6 11. h4 h5 12. 0-0-0 b6 13. Bh7+ Kh8 14. Ng5 Qe7 15. Nxd5 exd5 16. Rde1 Bxg5 17. hxg5 Re8 18. Rxe7 Rxe7 19. Rxh5 Nf8 20. Bf5+ Kg8 21. Bxc8 Rxc8 22. Qf5 Rce8 23. Qh3 Re1+ 24. Kd2 R8e2+ 25. Kc3 Ng6 26. f5 Rc1+ 27. Kb3 Rcc2 28. fxg6 Rxb2+ 29. Ka4 b5+ 30. Ka5 Rxa2+ 31. Kxb5 1-0

[Event "CZE-chT2A 1617"]
[Site "Czech Republic"]
[Date "2016.10.30"]
[Round "2.5"]
[White "Krejcik, Jiri"]
[Black "Dvorak, Jan"]
[Result "0-1"]
[WhiteElo "2151"]
[BlackElo "2168"]
[PlyCount "112"]
[EventDate "2016.10.09"]
[EventType "team-tourn"]
[EventRounds "11"]
[EventCountry "CZE"]
[SourceTitle "EXT 2022"]
[Source "ChessBase"]
[SourceDate "2021.10.06"]
[SourceVersion "1"]
[SourceVersionDate "2021.10.06"]
[SourceQuality "1"]
[WhiteTeam "Karlovy Vary Tietz"]
[BlackTeam "Praha Kobylisy"]
[WhiteTeamCountry "CZE"]
[BlackTeamCountry "CZE"]

1. e4 e6 2. d3 d5 3. Nd2 Nf6 4. g3 c5 5. Bg2 Nc6 6. f4 Be7 7. Ngf3 0-0 8. 0-0 Kh8 9. c3 Bd7 10. b3 b5 11. Qe2 Qb6 12. c4 Rae8 13. e5 Ng8 14. Kh1 Nh6 15. Bh3 f5 16. cxd5 exd5 17. Bb2 d4 18. Nh4 Nb4 19. Ndf3 Nd5 20. Rfc1 Ng4 21. a3 a5 22. Kg1 Be6 23. Ng2 Bg8 24. Bxg4 fxg4 25. Nd2 Be6 26. Ne4 b4 27. axb4 axb4 28. Nd2 Bf5 29. Nc4 Qg6 30. Ne1 Ra8 31. Qg2 Rad8 32. Rd1 Rfe8 33. Ra7 h6 34. Ra5 Qe6 35. Rda1 Ne3 36. Nxe3 dxe3 37. Qc2 Qd5 38. Rd1 Be6 39. Qc4 Qxc4 40. bxc4 Bxc4 41. f5 Bg5 42. Kf1 Rf8 43. f6 gxf6 44. exf6 Bxf6 45. Bxf6+ Rxf6+ 46. Ke2 Bg8 47. Rxc5 Re8 48. d4 Rf2+ 49. Kd3 Bh7+ 50. Kc4 Rd2 51. Rc1 e2 52. d5 Re4+ 53. Kb3 Bg8 54. Rc8 Rxd5 55. Kc2 Rdd4 56. Nd3 Rxd3 0-1